000 00694nam a22001937a 4500
003 BD-DhUL
005 20160921191948.0
008 160126s2000 bg |||| |||| 001 0 ben
040 _aBD-DhUL
_cBD-DhUL
082 _a954.92
_bRAB
100 _aরফিক, আহমদ
245 _aবাংলাদেশ : জাতীয়তা ও জাতিরাষ্ট্রের সমস্যা /
_cআহমদ রফিক
260 _aঢাকা :
_bঅনন্যা,
_c২০০০.
300 _a২১৬ পৃ. :
_c২১ সেমি.
365 _aBDT
_b270
650 _aবাংলাদেশ-ইতিহাস
651 1 _aBangladesh
_xHistory
942 _2ddc
_cBK
999 _c105306
_d105306